000
00344nam a2200121 4500
008
b xx# ara u
040
_a
LB-BrCRDP
082
1
_a
920.7
_b
S113q
100
1
_a
رفعت, سابا
245
1
0
_a
قصص موسى الفيعاني
_c
رفعت سابا
942
_c
BK
999
_c
8760
_d
8760